(پاکستان میں جمہوریت کے تداضات)Pakistan mein jamhoriyyat kay tadazaat (Urdu) (Record no. 66969)
[ view plain ]
| 000 -LEADER | |
|---|---|
| fixed length control field | 00632nam a2200193Ia 4500 |
| 001 - CONTROL NUMBER | |
| control field | 64925 |
| 003 - CONTROL NUMBER IDENTIFIER | |
| control field | OSt |
| 005 - DATE AND TIME OF LATEST TRANSACTION | |
| control field | 20160416110544.0 |
| 008 - FIXED-LENGTH DATA ELEMENTS--GENERAL INFORMATION | |
| fixed length control field | 150303s9999 xx 000 0 und d |
| 020 ## - INTERNATIONAL STANDARD BOOK NUMBER | |
| International Standard Book Number | 9789699739446 |
| 040 ## - CATALOGING SOURCE | |
| Transcribing agency | PK-LaUMT |
| 082 ## - DEWEY DECIMAL CLASSIFICATION NUMBER | |
| Classification number | 320.95491 |
| Item number | SUL-P |
| 100 ## - MAIN ENTRY--PERSONAL NAME | |
| Personal name | Sulman Abid |
| 245 ## - TITLE STATEMENT | |
| Title | (پاکستان میں جمہوریت کے تداضات)Pakistan mein jamhoriyyat kay tadazaat (Urdu) |
| Statement of responsibility, etc | (سلیمان عابد)Sulman Abid |
| 260 ## - PUBLICATION, DISTRIBUTION, ETC. (IMPRINT) | |
| Place of publication, distribution, etc | (لاہور،پاکستان)Lahore,Pakistan: |
| Name of publisher, distributor, etc | (جمہوری پبلیکیشنز)Jumhoori Publications, |
| Date of publication, distribution, etc | 2013 |
| 300 ## - PHYSICAL DESCRIPTION | |
| Extent | 280 p. |
| 546 ## - LANGUAGE NOTE | |
| Language note | UR |
| 942 ## - ADDED ENTRY ELEMENTS (KOHA) | |
| Koha item type | Books |
| Source of classification or shelving scheme | Dewey Decimal Classification |
| Withdrawn status | Lost status | Damaged status | Not for loan | Home library | Current library | Date acquired | Total Checkouts | Full call number | Barcode | Date last seen | Price effective from | Koha item type |
|---|---|---|---|---|---|---|---|---|---|---|---|---|
| UMT Main Campus | UMT Main Campus | 2015-03-03 | 320.95491 SUL-P | 88881 | 2015-03-03 | 2015-03-03 | Books |
